[Event "18th American Continental"]
[Site "Foz do Iguacu BRA"]
[Date "2025.05.26"]
[Round "5.68"]
[White "Fiaes, Mario Henrique Andrade"]
[Black "Pereira Vera, Henry Alberto"]
[Result "1-0"]
[WhiteElo "2106"]
[BlackElo "1913"]
[WhiteFideId "2108690"]
[BlackFideId "4433270"]
[EventDate "2025.05.23"]

1. d4 Nf6 2. Nf3 e6 3. g3 b6 4. Bg2 Bb7 5. O-O Be7 6. c4 O-O 7. b3 d6 8. Bb2
Nbd7 9. Nbd2 Ne4 10. Re1 f5 11. Nf1 Bf6 12. Qc2 Qe7 13. Ne3 Rac8 14. Rad1 Rfd8
15. d5 exd5 16. Nxd5 Bxd5 17. cxd5 a5 18. Nd4 Bxd4 19. Bxd4 Rf8 20. g4 g6 21.
gxf5 gxf5 22. Kh1 Qh4 23. Rf1 Ndf6 24. f3 Ng3+ 25. Kg1 Nxf1 26. Kxf1 Nh5 27. Kg1
Nf4 28. Bf1 Rf7 29. Kh1 h6 30. e4 Re8 31. Bb5 Ree7 32. Rg1+ Kf8 33. Qc6 Rg7 34.
Qa8+ 1-0

[Event "18th American Continental"]
[Site "Foz do Iguacu BRA"]
[Date "2025.05.26"]
[Round "5.69"]
[White "Da Silva, Joao Carlos Orguim"]
[Black "Azevedo Junior, Jose Ferreira"]
[Result "0-1"]
[WhiteElo "1809"]
[BlackElo "2102"]
[WhiteFideId "2121654"]
[BlackFideId "2127326"]
[EventDate "2025.05.23"]

1. b3 Nf6 2. Bb2 g6 3. e4 d6 4. d3 Bg7 5. Nd2 e5 6. Be2 Nc6 7. Ngf3 O-O 8. O-O
Nh5 9. Re1 Nf4 10. Bf1 f5 11. h3 Qf6 12. exf5 Bxf5 13. Kh1 Kh8 14. Ng1 Rae8 15.
g3 Nd5 16. Bg2 Qf7 17. Ne4 h6 18. c3 Nde7 19. f3 g5 20. Qd2 Bh7 21. Re2 Nf5 22.
Kh2 Nce7 23. Rae1 Qg6 24. Bc1 d5 25. Nc5 e4 26. d4 e3 27. Rxe3 Nxe3 28. Rxe3 Nf5
29. Rxe8 Rxe8 30. Ne2 b6 31. Na4 Qe6 32. Bf1 Ne3 33. Bg2 Nxg2 0-1

[Event "18th American Continental"]
[Site "Foz do Iguacu BRA"]
[Date "2025.05.26"]
[Round "5.70"]
[White "Garmendia Vega, Gabriel"]
[Black "Britez, G Jorge A"]
[Result "1-0"]
[WhiteTitle "CM"]
[WhiteElo "2100"]
[BlackElo "1764"]
[WhiteFideId "3414361"]
[BlackFideId "3700585"]
[EventDate "2025.05.23"]

1. d4 Nf6 2. Bf4 e6 3. e3 c5 4. Nd2 Nc6 5. Ngf3 d5 6. c3 Bd6 7. Bg3 O-O 8. Bd3
Re8 9. Ne5 Qc7 10. f4 Bd7 11. O-O Rab8 12. Bh4 Be7 13. Bxf6 Bxf6 14. Bxh7+ Kxh7
15. Qh5+ Kg8 16. Qxf7+ Kh7 17. Nxd7 1-0

[Event "18th American Continental"]
[Site "Foz do Iguacu BRA"]
[Date "2025.05.26"]
[Round "5.71"]
[White "Lima, Stefan Moisei VIeira"]
[Black "De Oliveira, Jairo Quintiliano"]
[Result "1/2-1/2"]
[WhiteTitle "FM"]
[WhiteElo "2241"]
[BlackElo "1942"]
[WhiteFideId "22782273"]
[BlackFideId "22792503"]
[EventDate "2025.05.23"]

1. e4 c5 2. Nf3 Nc6 3. Bb5 Nf6 4. Bxc6 dxc6 5. d3 g6 6. O-O Bg7 7. h3 O-O 8. e5
Nd5 9. Nbd2 b6 10. Re1 Nf4 11. Nc4 Ne6 12. Be3 Ba6 13. Qc1 Nd4 14. Nxd4 cxd4 15.
Bh6 Bxc4 16. dxc4 Qd7 17. Bxg7 Kxg7 18. Qf4 c5 19. h4 Qf5 20. Qxf5 gxf5 21. a4
Rfd8 22. Ra3 e6 23. Rg3+ Kh6 24. Ra1 Rab8 25. Kf1 Rg8 26. Raa3 Rg4 27. Rxg4 fxg4
28. a5 b5 29. Rb3 b4 30. c3 dxc3 31. bxc3 Kg6 32. Ke2 Kf5 33. Ke3 Kxe5 34. g3 f5
35. Rb1 b3 36. Kd3 b2 37. Re1+ Kd6 38. Rb1 e5 39. Kc2 Kc6 40. Kd3 h5 41. Kc2 1/2-1/2

[Event "18th American Continental"]
[Site "Foz do Iguacu BRA"]
[Date "2025.05.26"]
[Round "5.72"]
[White "Torales G., Ivan Alejandro B."]
[Black "Oviedo Acosta, Paula"]
[Result "1-0"]
[WhiteTitle "FM"]
[BlackTitle "WFM"]
[WhiteElo "2089"]
[BlackElo "1920"]
[WhiteFideId "3710785"]
[BlackFideId "3704394"]
[EventDate "2025.05.23"]

1. e4 c5 2. Nf3 a6 3. c3 g6 4. d4 cxd4 5. cxd4 d5 6. e5 Bg4 7. Nc3 Nc6 8. Be3 e6
9. Be2 Nge7 10. Nh4 Bxe2 11. Qxe2 Rc8 12. O-O h5 13. Rac1 Qa5 14. Qd2 Bg7 15.
Bg5 O-O 16. Bf6 Kh7 17. Bxg7 Kxg7 18. h3 Nxd4 19. Qxd4 Rc4 20. Qd2 Rxh4 21. f4
g5 22. f5 exf5 23. Qxg5+ Ng6 24. Rxf5 Rc4 25. Rcf1 Qc5+ 26. Kh1 Qe7 27. Rf6 Kh7
28. e6 Kg8 29. exf7+ Rxf7 30. Rxg6+ Rg7 31. Qxe7 Rxg6 32. Rf8# 1-0

[Event "18th American Continental"]
[Site "Foz do Iguacu BRA"]
[Date "2025.05.26"]
[Round "5.73"]
[White "Gonzalez, Augusto"]
[Black "Pontes, Luiz Felizola Lima"]
[Result "1-0"]
[WhiteElo "1937"]
[BlackElo "2070"]
[WhiteFideId "3702529"]
[BlackFideId "44709919"]
[EventDate "2025.05.23"]

1. d4 d5 2. c4 e6 3. Nc3 Nf6 4. cxd5 exd5 5. Bg5 Bb4 6. Qc2 h6 7. Bxf6 Qxf6 8.
a3 Bxc3+ 9. Qxc3 c6 10. e3 O-O 11. Nf3 Bf5 12. Be2 Nd7 13. O-O Rfe8 14. Rfc1 Bg4
15. b4 Nb6 16. a4 a6 17. Qb2 Bxf3 18. Bxf3 Nc4 19. Qc2 b5 20. Ra2 Qe7 21. Qb3
Reb8 22. Be2 Ra7 23. h3 f5 24. g3 g5 25. Qc2 Rf8 26. Bf3 Rb7 27. axb5 Rxb5 28.
Rxa6 Rxb4 29. Rxc6 Qd7 30. Rc5 Nb6 31. Rc7 Qb5 32. Qc6 Qxc6 33. R1xc6 Rc4 34.
Bxd5+ Nxd5 35. Rxc4 Nxc7 36. Rxc7 Rb8 37. Rc2 Rf8 38. Rc7 Rf6 39. Rc5 Kg7 40. f3
Kg6 41. e4 fxe4 42. fxe4 Ra6 43. Kf2 Ra3 44. Ke2 Ra2+ 45. Kd3 Ra3+ 46. Kc4 Rxg3
47. d5 Kf6 48. Rc8 Rf3 49. Rf8+ 1-0

[Event "18th American Continental"]
[Site "Foz do Iguacu BRA"]
[Date "2025.05.26"]
[Round "5.74"]
[White "Caceres Benitez, Fernando Israel"]
[Black "Markzon, Gregory"]
[Result "1/2-1/2"]
[BlackTitle "FM"]
[WhiteElo "1929"]
[BlackElo "2056"]
[WhiteFideId "3710777"]
[BlackFideId "2003694"]
[EventDate "2025.05.23"]

1. e4 e5 2. Nf3 Nc6 3. Bc4 Nf6 4. Ng5 d5 5. exd5 Na5 6. Bb5+ c6 7. dxc6 bxc6 8.
Bd3 Ng4 9. Ne4 f5 10. Be2 h5 11. h3 fxe4 12. hxg4 Bc5 13. Nc3 O-O 14. O-O Qd4
15. Qe1 hxg4 16. d3 exd3 17. Bxd3 g3 18. Be3 gxf2+ 19. Bxf2 Rxf2 20. Rxf2 Qxf2+
21. Qxf2 Bxf2+ 22. Kxf2 Kf7 23. Ke3 Be6 24. Rf1+ Ke7 25. b3 Nb7 26. Be4 Rc8 27.
Na4 Nd6 28. c4 c5 29. Nc3 Rh8 30. Rf2 Rd8 31. Na4 Rc8 32. Nb2 Nf7 33. Bg6 Nh8
34. Be4 Nf7 35. Bg6 Nh6 36. Rf1 Ng4+ 37. Ke2 Nf6 38. Nd3 Kd6 39. Nf2 Rh8 40.
Ne4+ Nxe4 41. Bxe4 Ke7 42. Ke3 Rd8 43. Rf3 Rd4 44. Rg3 Kf7 45. Rg5 Kf6 46. Rg6+
Kf7 47. Rg5 Kf6 1/2-1/2

[Event "18th American Continental"]
[Site "Foz do Iguacu BRA"]
[Date "2025.05.26"]
[Round "5.75"]
[White "Silva, Juliana Figueira Theophilo"]
[Black "Cezar Junior, William Carlos"]
[Result "0-1"]
[WhiteTitle "WFM"]
[WhiteElo "1919"]
[BlackElo "2048"]
[WhiteFideId "22781684"]
[BlackFideId "2130769"]
[EventDate "2025.05.23"]

1. d4 d5 2. c4 e6 3. Nf3 Nf6 4. g3 h6 5. Bg2 Bd6 6. O-O O-O 7. Qc2 b6 8. b3 Qe7
9. Bb2 Bb7 10. Nc3 dxc4 11. bxc4 Bb4 12. Ne5 Bxg2 13. Kxg2 c5 14. a3 Bxc3 15.
Bxc3 cxd4 16. Bxd4 Na6 17. f3 Rac8 18. Qb2 Rfd8 19. Rfd1 Ne8 20. Rac1 Nd6 21.
Bf2 Rc7 22. Qd2 Nc5 23. Rc3 Ndb7 24. Qc2 Qe8 25. Qb1 Na5 26. Qb5 f6 27. Ng6 Kf7
28. Rxd8 Qxd8 29. Nf4 Qd2 30. Re3 Qc2 31. Nd5 Rd7 32. Nc3 Qb3 33. Qxb3 Ncxb3 34.
Rd3 Ke7 35. Na4 Nc1 36. Re3 Rc7 37. Rc3 Rxc4 38. Be3 Nxe2 39. Rxc4 Nxc4 40. Kf2
Nxe3 41. Kxe3 Nc1 42. Nc3 Nb3 43. Nb5 a6 44. Nc7 Nc5 45. Na8 b5 46. Kd4 Kd6 47.
Nb6 e5+ 48. Ke3 Ne6 49. Kd3 a5 50. Kc3 Ng5 51. f4 exf4 52. gxf4 Ne6 53. f5 Nc7
54. Kd4 b4 55. Nc4+ Kd7 56. Nxa5 bxa3 57. Kc5 a2 58. Nb3 Ne8 59. Kb4 Nd6 60. Ka3
Nxf5 61. Kxa2 Ke6 62. Kb2 Ke5 63. Kc3 Kf4 64. Nd2 Ke3 65. h3 h5 66. Kc2 g5 67.
Kd1 Nd4 68. Nc4+ Kf2 69. Nd6 f5 70. Kd2 g4 71. hxg4 fxg4 72. Kd3 Nf3 73. Ne4+
Kg1 74. Nf6 Ne5+ 75. Ke4 h4 76. Kxe5 g3 77. Kf4 g2 78. Ng4 Kf1 79. Nh2+ Kf2 80.
Ng4+ Ke2 0-1

[Event "18th American Continental"]
[Site "Foz do Iguacu BRA"]
[Date "2025.05.26"]
[Round "5.76"]
[White "Cordeiro, Marco Aurelio Zaror"]
[Black "Calcada, Henrique Galvan"]
[Result "0-1"]
[WhiteElo "2048"]
[BlackElo "1896"]
[WhiteFideId "2117991"]
[BlackFideId "22746080"]
[EventDate "2025.05.23"]

1. e4 c5 2. Nc3 Nc6 3. f4 g6 4. Nf3 Bg7 5. Bc4 e6 6. O-O Nge7 7. d3 O-O 8. Bb3
d5 9. Ne2 Na5 10. c3 Nxb3 11. axb3 b6 12. e5 Nc6 13. d4 a5 14. Be3 c4 15. bxc4
dxc4 16. b3 Ba6 17. bxc4 Bxc4 18. Nd2 Qd5 19. Nxc4 Qxc4 20. Ra4 Qa6 21. Ng3 Rfd8
22. Ne4 b5 23. Ra1 b4 24. cxb4 Nxb4 25. Qd2 Nd5 26. Nc5 Qc4 27. Rfc1 Qb4 28.
Rcb1 Qxd2 29. Bxd2 Ne7 30. Rxa5 Rxa5 31. Bxa5 Rxd4 32. Rb8+ Bf8 33. Bc3 Rc4 34.
Nd7 Rxc3 35. Rxf8+ Kg7 36. Ra8 Nd5 37. Ra4 h5 38. g3 Rc2 39. Re4 Nc3 40. Re3 Nd5
41. Rd3 h4 42. gxh4 Nxf4 43. Rf3 Nh5 44. Rf2 Rc4 45. Nb6 Rxh4 46. Kg2 Re4 47.
Nd7 Rc4 48. Nb6 Nf4+ 49. Kf3 Rb4 50. Rd2 g5 51. Nd7 Ng6 52. Re2 Rd4 53. Nb6 Rf4+
54. Kg3 Rb4 55. Nd7 Rb7 56. Nf6 Rb5 57. Ng4 Rb3+ 58. Kf2 Nh4 59. Re3 Rb4 60. h3
Rf4+ 61. Ke2 Ng6 62. Rf3 0-1

[Event "18th American Continental"]
[Site "Foz do Iguacu BRA"]
[Date "2025.05.26"]
[Round "5.77"]
[White "Prado Oliveira, Fellipe"]
[Black "Molina Sumoza, Jesus Alberto"]
[Result "0-1"]
[BlackTitle "CM"]
[WhiteElo "1863"]
[BlackElo "2025"]
[WhiteFideId "2114895"]
[BlackFideId "3901874"]
[EventDate "2025.05.23"]

1. Nf3 Nf6 2. c4 g6 3. g3 Bg7 4. Bg2 O-O 5. O-O d5 6. Nc3 d4 7. Na4 Nc6 8. d3 e5
9. b4 e4 10. Ne1 e3 11. Nc2 Ng4 12. f3 Nh6 13. Nc5 f5 14. f4 Ng4 15. Bxc6 bxc6
16. Bb2 Nf2 17. Qe1 g5 18. Rxf2 exf2+ 19. Qxf2 a5 20. Bxd4 Bxd4 21. Qxd4 Qxd4+
22. Nxd4 gxf4 23. gxf4 axb4 24. Nxc6 Rf6 25. Nxb4 Rb6 26. Nd5 Rb2 27. Nxc7 Ra5
28. Nb5 Rxe2 29. a4 Kf7 30. Rc1 Kf6 31. d4 Ra8 32. d5 Ba6 33. Nd4 Rg8+ 34. Kh1
Bxc4 35. Nd7+ Kf7 36. Nb6 Rd2 37. Nxc4 Rxd4 38. Ne5+ Kf6 39. Rc6+ Ke7 40. Re6+
Kf8 41. Nd7+ Kg7 42. d6 Rxf4 43. Ne5 Kf8 44. Rf6+ Ke8 45. Re6+ Kd8 46. Nf7+ Kd7
47. Re7+ Kc6 48. Rc7+ Kd5 49. Rc1 Ke6 50. Nh6 Rg7 51. Rd1 Kd7 52. a5 Rf2 53. a6
f4 54. Ra1 Rgg2 55. Ng4 Re2 56. Rd1 Rxg4 0-1

[Event "18th American Continental"]
[Site "Foz do Iguacu BRA"]
[Date "2025.05.26"]
[Round "5.78"]
[White "Bosco, Giuliana"]
[Black "Medero Mino, Leon"]
[Result "0-1"]
[WhiteTitle "WCM"]
[WhiteElo "1998"]
[BlackElo "1843"]
[WhiteFideId "142611"]
[BlackFideId "20027290"]
[EventDate "2025.05.23"]

1. e4 c6 2. Nc3 d5 3. Nf3 dxe4 4. Nxe4 Nf6 5. Nxf6+ exf6 6. d4 Bd6 7. Bd3 O-O 8.
O-O Bc7 9. h3 Be6 10. c4 Qd6 11. Be3 Na6 12. a3 Rad8 13. Rc1 Rfe8 14. Bb1 Bb8
15. Qd3 g6 16. Qc3 Qe7 17. Rfe1 Nc7 18. Bf4 Nb5 19. Qe3 Bxf4 20. Qxf4 Nc7 21.
Ba2 Kg7 22. Qe3 Qd7 23. Qc3 b5 24. b3 Ra8 25. Re3 a5 26. a4 bxc4 27. bxc4 Qd8
28. Nd2 Qb8 29. Rb1 Qa7 30. Ne4 Bf5 31. Rbe1 Bxe4 32. Rxe4 Rxe4 33. Rxe4 Rd8 34.
Re7 Nd5 35. cxd5 Qxe7 36. dxc6 Qc7 37. d5 Rd6 38. Qc5 Kf8 39. Bc4 Kg7 40. Qe3
Rd8 41. h4 Kf8 42. h5 Kg7 43. Qf3 Rd6 44. Qf4 Rxc6 45. h6+ Kf8 46. Qxc7 Rxc7 47.
Bb5 Ke7 48. Kf1 Kd6 49. Bc6 Rxc6 0-1

[Event "18th American Continental"]
[Site "Foz do Iguacu BRA"]
[Date "2025.05.26"]
[Round "5.79"]
[White "Serafim Junior, Arnor"]
[Black "Medeiros, Thauane Ferreira"]
[Result "0-1"]
[BlackTitle "WFM"]
[WhiteElo "1804"]
[BlackElo "1972"]
[WhiteFideId "2130750"]
[BlackFideId "2134470"]
[EventDate "2025.05.23"]

1. c4 b6 2. Nc3 Bb7 3. e4 c5 4. g3 g6 5. Bg2 Bg7 6. Nge2 Nc6 7. d3 d6 8. a3 e6
9. Be3 Nge7 10. Rb1 O-O 11. O-O Qd7 12. Qd2 Ne5 13. Bg5 f6 14. Bf4 Rad8 15. b3
Nf7 16. Bh3 f5 17. Be3 d5 18. exd5 exd5 19. cxd5 Nxd5 20. Nxd5 Qxd5 21. f3 Qxd3 0-1

[Event "18th American Continental"]
[Site "Foz do Iguacu BRA"]
[Date "2025.05.26"]
[Round "5.80"]
[White "Calcada, Lucas Galvan"]
[Black "Gomes, Marco Tulio Caldeira"]
[Result "1-0"]
[WhiteElo "1967"]
[BlackElo "1752"]
[WhiteFideId "22746099"]
[BlackFideId "2115271"]
[EventDate "2025.05.23"]

1. e4 c5 2. Nf3 d6 3. d4 cxd4 4. Nxd4 Nf6 5. Nc3 a6 6. Bg5 Nbd7 7. Bc4 b5 8. Bd5
Nxd5 9. Nxd5 Bb7 10. O-O Rc8 11. Re1 Nb6 12. Nf5 Nxd5 13. exd5 Rc7 14. Qd4 Rg8
15. Qb6 Rd7 16. Nxd6+ Rxd6 17. Qxb7 Qd7 18. Qb8+ Qd8 19. Qxd8+ Kxd8 20. Rad1 h6
21. Bd2 g5 22. b3 Rgg6 23. c4 Kc8 24. Bb4 Rd7 25. c5 f5 26. c6 Rd8 27. d6 exd6
28. Ba5 Rf6 29. c7 1-0

[Event "18th American Continental"]
[Site "Foz do Iguacu BRA"]
[Date "2025.05.26"]
[Round "5.96"]
[White "Mereles Riquelme, Mauricio"]
[Black "Luz, Jhonatan Rodrigues Da"]
[Result "0-1"]
[WhiteElo "1615"]
[BlackElo "1858"]
[WhiteFideId "3708322"]
[BlackFideId "2119501"]
[EventDate "2025.05.23"]

1. e4 c5 2. Nf3 d6 3. d4 cxd4 4. Nxd4 Nf6 5. Nc3 a6 6. Bg5 Nbd7 7. f4 Qa5 8. Qf3
h6 9. Bh4 e5 10. Nb3 Qc7 11. O-O-O exf4 12. Bxf6 Nxf6 13. Qxf4 Be7 14. Be2 O-O
15. h3 b5 16. g4 b4 17. Nd5 Nxd5 18. Rxd5 Bb7 19. Rh5 Bg5 20. Rxg5 hxg5 21. Qxg5
Bxe4 22. Nd4 Bxh1 23. Nf5 f6 24. Qg6 d5 25. Bd3 Be4 26. Bxe4 dxe4 27. Kb1 Rad8 0-1

[Event "18th American Continental"]
[Site "Foz do Iguacu BRA"]
[Date "2025.05.26"]
[Round "5.99"]
[White "Conor, Gilberto Bordignon"]
[Black "Pereira Fo, Hildebrando Apolonio"]
[Result "1-0"]
[WhiteElo "1813"]
[BlackElo "1620"]
[WhiteFideId "22782770"]
[BlackFideId "2139510"]
[EventDate "2025.05.23"]

1. e4 c5 2. Nf3 d6 3. d4 cxd4 4. Nxd4 Nf6 5. Nc3 a6 6. Bg5 e6 7. f4 Be7 8. Qf3
Qb6 9. O-O-O Nc6 10. Nde2 Qc7 11. g4 b5 12. e5 dxe5 13. fxe5 Nd7 14. Bxe7 Kxe7
15. Bg2 Ndxe5 16. Qf4 Bb7 17. Rhf1 f6 18. Ng3 Rhd8 19. Rde1 Rd4 20. Qe3 Rad8 21.
g5 Ng4 22. Qxe6+ Kf8 23. Bd5 R8xd5 1-0

[Event "18th American Continental"]
[Site "Foz do Iguacu BRA"]
[Date "2025.05.26"]
[Round "5.100"]
[White "Eger, Laura Luisa"]
[Black "Moccero, Eduardo"]
[Result "1-0"]
[WhiteElo "1896"]
[BlackElo "1804"]
[WhiteFideId "22704825"]
[BlackFideId "103373"]
[EventDate "2025.05.23"]

1. e4 d5 2. exd5 Qxd5 3. Nc3 Qa5 4. Bc4 Nf6 5. Nge2 Bf5 6. d3 e6 7. O-O c6 8.
Ng3 Bg6 9. Qe2 Nbd7 10. f4 Bc5+ 11. Kh1 O-O 12. Bd2 Qc7 13. Nce4 b5 14. Bb3 a5
15. a4 Bb6 16. Nxf6+ Nxf6 17. Bc3 bxa4 18. Rxa4 Nd5 19. Bd2 Qd7 20. Ne4 Rfd8 21.
Ng5 h6 22. Nf3 Qd6 23. Ne5 Bh7 24. Qe1 Qc7 25. Nc4 Nb4 26. Nxb6 Qxb6 27. Bxb4
axb4 28. Qxb4 Qc7 29. Qa3 Rxa4 30. Qxa4 Bf5 31. h3 h5 32. Ra1 Qd6 33. Qc4 c5 34.
Ra5 Rc8 35. Ra6 Qc7 36. Ba4 Qb8 37. b3 Qb4 38. Qxb4 cxb4 39. Rc6 Rb8 40. Kg1 f6
41. Kf2 g5 42. fxg5 fxg5 43. Ke3 Rb7 44. Rc5 g4 45. hxg4 hxg4 46. g3 Rh7 47.
Rc8+ Kf7 48. Rc7+ Kf6 49. Rxh7 Bxh7 50. Bc6 Ke5 51. Be4 Bg8 52. d4+ Kd6 53. Kf4 1-0

[Event "18th American Continental"]
[Site "Foz do Iguacu BRA"]
[Date "2025.05.26"]
[Round "5.101"]
[White "Almeida, Luis Eduardo dos Reis"]
[Black "Solaeche G., Axel Jose"]
[Result "1/2-1/2"]
[WhiteElo "1873"]
[BlackElo "1566"]
[WhiteFideId "22793410"]
[BlackFideId "3709426"]
[EventDate "2025.05.23"]

1. e4 c5 2. Nf3 e6 3. g3 Nc6 4. Bg2 Nf6 5. Qe2 e5 6. Nc3 d6 7. O-O Be7 8. Nd5
Nxd5 9. exd5 Nb4 10. Ne1 O-O 11. c3 Na6 12. Nc2 Nc7 13. Re1 Re8 14. Ne3 b6 15.
a4 f5 16. d3 f4 17. Nc4 Bg5 18. Be4 g6 19. Kg2 Ba6 20. Qg4 h5 21. Qf3 Kg7 22.
gxf4 exf4 23. Bxf4 Bxf4 24. Qxf4 Bxc4 25. dxc4 Re5 26. Bc2 Qg5+ 27. Qxg5 Rxg5+
28. Kf1 Re8 29. Rxe8 Nxe8 30. a5 Nf6 31. axb6 axb6 32. Ra7+ Kf8 33. f3 h4 34. b4
h3 35. Bb1 Rg2 36. Ra2 Rxa2 37. Bxa2 Nh5 38. Kf2 Kf7 39. Bb1 Kf6 40. Bd3 Kg5 41.
Bf1 Kh4 42. Ke3 Nf6 43. Kf4 Nh5+ 44. Ke3 Nf6 45. Bd3 Kg5 46. f4+ Kh5 47. Be2+
Kh4 48. f5 g5 49. Bd1 g4 50. Be2 Kg5 1/2-1/2

[Event "18th American Continental"]
[Site "Foz do Iguacu BRA"]
[Date "2025.05.26"]
[Round "5.102"]
[White "Moura, Bernardo Lalane Mascarenha"]
[Black "De Fassio, Davi Dos Santos"]
[Result "1/2-1/2"]
[WhiteElo "1854"]
[BlackElo "1796"]
[WhiteFideId "44704976"]
[BlackFideId "44705395"]
[EventDate "2025.05.23"]

1. d4 d5 2. c4 dxc4 3. e3 e5 4. Bxc4 exd4 5. Nf3 Bb4+ 6. Bd2 Bxd2+ 7. Qxd2 Nc6
8. exd4 Nf6 9. O-O O-O 10. h3 Bf5 11. Nc3 a6 12. a4 Qd6 13. Rfe1 Rad8 14. Rad1
h6 15. Qe3 Nb4 16. Qe5 Bh7 17. Qc5 b6 18. Qxd6 cxd6 19. Re7 Rde8 20. Rde1 Rc8
21. Bf1 Rfe8 22. Rb7 Rxe1 23. Nxe1 Nbd5 24. Nxd5 Nxd5 25. Rd7 Bf5 26. Rxd6 Nf4
27. Bxa6 Rc1 28. Rd8+ Kh7 29. Re8 Bd3 30. Bxd3+ Nxd3 31. Kf1 Nxb2 32. Re4 Nc4
33. Ke2 Nd6 34. Re3 Rc4 35. Rb3 Rxa4 36. Rxb6 Rxd4 1/2-1/2

[Event "18th American Continental"]
[Site "Foz do Iguacu BRA"]
[Date "2025.05.26"]
[Round "5.103"]
[White "Medero, Hildo Rodrigo"]
[Black "Paredes Almada, Andres Joaquin"]
[Result "0-1"]
[WhiteElo "1553"]
[BlackElo "1670"]
[WhiteFideId "20029098"]
[BlackFideId "3713733"]
[EventDate "2025.05.23"]

1. c4 Nf6 2. d4 d6 3. g3 e5 4. dxe5 dxe5 5. Qxd8+ Kxd8 6. Bg2 c6 7. Nc3 Be6 8.
b3 Nbd7 9. Nf3 h6 10. O-O a6 11. Rd1 Kc8 12. Be3 Ng4 13. Rd3 f5 14. Na4 e4 15.
Rxd7 Bxd7 16. Nb6+ Kb8 17. Nxd7+ Kc7 18. Nb6 Rd8 19. Na4 Nxe3 20. Ne5 Nxg2 21.
Nf7 Bb4 22. Nxd8 Rxd8 23. Kxg2 b5 24. cxb5 axb5 25. Nb2 Bc3 26. Rb1 Rd2 27. Nd1
b4 28. Ne3 g6 29. Nd1 Rxe2 30. a3 Ra2 31. a4 Bd4 32. Rc1 e3 33. Rc4 e2 34. Rxd4
e1=Q 0-1

[Event "18th American Continental"]
[Site "Foz do Iguacu BRA"]
[Date "2025.05.26"]
[Round "5.104"]
[White "Vaz, Vania Dora Madona"]
[Black "Dos Santos, Gabriel Conte"]
[Result "0-1"]
[WhiteElo "1471"]
[BlackElo "1543"]
[WhiteFideId "22793887"]
[BlackFideId "22776389"]
[EventDate "2025.05.23"]

1. e4 e5 2. Nf3 Nc6 3. Bc4 Bc5 4. O-O Nf6 5. d3 d6 6. h3 a6 7. a4 h6 8. c3 O-O
9. Re1 Be6 10. Bxe6 fxe6 11. b4 Ba7 12. Nbd2 Nh5 13. Nf1 Nf4 14. Be3 Qf6 15.
Bxa7 Nxa7 16. d4 Nxh3+ 17. gxh3 Qxf3 18. Qxf3 Rxf3 19. Re3 Rxe3 20. Nxe3 exd4
21. cxd4 Nc6 22. Nc2 Rf8 23. Ra3 Rf4 24. f3 Kf7 25. Kf2 g5 26. Ra1 Ke7 27. Rg1
a5 28. b5 Nb8 29. Ne3 Nd7 30. Ng2 Rf7 31. Ke3 e5 32. Rd1 exd4+ 33. Rxd4 Nc5 34.
f4 gxf4+ 35. Nxf4 Rxf4 36. Kxf4 Ne6+ 37. Ke3 Nxd4 38. Kxd4 Ke6 39. h4 h5 40. Ke3
Ke5 41. Kf3 c6 42. bxc6 bxc6 43. Ke3 c5 44. Kd3 c4+ 45. Kxc4 Kxe4 46. Kb5 d5 47.
Kxa5 d4 48. Kb6 d3 49. a5 d2 0-1

[Event "18th American Continental"]
[Site "Foz do Iguacu BRA"]
[Date "2025.05.26"]
[Round "5.105"]
[White "Guimaraes, Felipe Pavanato"]
[Black "Noguera Delgado, Gael Eduardo"]
[Result "1-0"]
[WhiteElo "1523"]
[BlackElo "1484"]
[WhiteFideId "538009064"]
[BlackFideId "3717348"]
[EventDate "2025.05.23"]

1. d3 Nf6 2. Nf3 g6 3. Nbd2 Bg7 4. e4 d6 5. h3 Nc6 6. c3 Bd7 7. Qc2 Na5 8. Be2
b6 9. b3 c5 10. Bb2 Qc7 11. O-O-O O-O-O 12. Kb1 h6 13. Rc1 Rhg8 14. b4 Nb7 15.
d4 cxb4 16. cxb4 Qxc2+ 17. Rxc2+ Kb8 18. Rhc1 Rc8 19. Ba6 Nxe4 20. Nxe4 Bf5 21.
Re2 d5 22. Rxc8+ Rxc8 23. Ka1 dxe4 24. Ne5 Bxe5 25. dxe5 Rc7 26. g4 Be6 27. Rxe4
Nd8 28. b5 Rc4 29. Re3 Rc5 30. Ba3 Rc7 31. f4 f6 32. h4 Bxg4 33. exf6 exf6 34.
Bd6 1-0

[Event "18th American Continental"]
[Site "Foz do Iguacu BRA"]
[Date "2025.05.26"]
[Round "6.1"]
[White "Shankland, Sam"]
[Black "Filgueiras, Nathan Felipe"]
[Result "1-0"]
[WhiteTitle "GM"]
[BlackTitle "IM"]
[WhiteElo "2666"]
[BlackElo "2370"]
[WhiteFideId "2004887"]
[BlackFideId "2188562"]
[EventDate "2025.05.23"]

1. e4 e5 2. Nf3 Nc6 3. Bb5 Nge7 4. O-O Ng6 5. d4 exd4 6. Nxd4 Bc5 7. Nf5 O-O 8.
Be3 Bxe3 9. Nxe3 d6 10. Nc3 Nge7 11. f4 f5 12. Qh5 Be6 13. Rae1 a6 14. Bd3 Qd7
15. exf5 Nxf5 16. g4 g6 17. Qg5 Nxe3 18. Rxe3 Bxg4 19. Nd5 Kg7 20. Ne7 Rf7 21.
Nxg6 hxg6 22. Bxg6 Kf8 23. Rg3 Be6 24. Qh6+ Rg7 25. f5 Bc4 26. f6 Bxf1 27. Bh5 1-0

[Event "18th American Continental"]
[Site "Foz do Iguacu BRA"]
[Date "2025.05.26"]
[Round "6.2"]
[White "Quesada Perez, Luis Ernesto"]
[Black "Oparin, Grigoriy"]
[Result "1/2-1/2"]
[WhiteTitle "GM"]
[BlackTitle "GM"]
[WhiteElo "2546"]
[BlackElo "2660"]
[WhiteFideId "3520773"]
[BlackFideId "24125890"]
[EventDate "2025.05.23"]

1. d4 Nf6 2. c4 e6 3. Nf3 d5 4. Nc3 Nbd7 5. Bf4 Bb4 6. cxd5 exd5 7. e3 Ne4 8.
Qc2 g5 9. Be5 Rg8 10. Bd3 Bxc3+ 11. bxc3 g4 12. Bxe4 dxe4 13. Qxe4 Qe7 14. Qxh7
Rf8 15. Nd2 Nxe5 16. dxe5 Bd7 17. Qe4 O-O-O 18. O-O Qe6 1/2-1/2